25 Things We Learned in 2013 Quiz Stats

 Plays Quiz Updated Jan 7, 2014

Challenge
Share
Tweet
Embed
Score 0/25 Timer 04:00
5 Plays Today
% Correct
oldest
82.6%
wrinkled
82.1%
firewood
81.9%
color
81.4%
sperm
80.8%
hostess
79.8%
Homebrew Computer Club
79.5%
online dating
68.9%
national politicians
68.6%
tears
65.7%
Lucifer
65.1%
French
61.5%
caffeine
61.1%
% Correct
critter
59.3%
Haribos
59%
drone operators
57.3%
children
53.6%
grimace
53.5%
smelly armpits
49.4%
deep, husky voices
44.1%
monkeys
38.6%
Nigeria
38.3%
fidgeting
33.5%
polo ponies
27.4%
relentless
13.6%

You're not logged in!

Compare scores with friends on all Sporcle quizzes.
Join for Free
OR
Log In

You Might Also Like...

Show Comments

Extras

Top Quizzes Today


Score Distribution

Your Account Isn't Verified!

In order to create a playlist on Sporcle, you need to verify the email address you used during registration. Go to your Sporcle Settings to finish the process.

Report this User

Report this user for behavior that violates our Community Guidelines.

Details: